000 00498nam a2200181Ia 4500
001 25378
005 20260414151146.0
008 260414t2009||||xx |||||||||||||| ||spa||
041 _aESP
082 _a345.5
_bL13 II-2
100 _aLacruz Berdejo, José Luis
_eAUT
245 0 _aElementos de derecho civil :
_bderecho de obligaciones. contratos y cuasicontratos. Delito y cuasidelito
260 _c2009
300 _a
_c24 cm.
650 _aDER
654 _aCDE
942 _cLIB
_dJUS
_fJUS
_2ddc
_n
999 _c25378
_d25378